000 01071nam a2200241 a 4500
001 1892728
003 AM-YEHGA
005 20250917132330.0
008 230323s2022 ai a||||||||||000|1|arm|d
020 _a978-9939-60-773-3
040 _aAM-YeHGA
041 0 _aarm
100 1 _aՄելիք-Սարգսյան, Գրիգոր Համբարձումի,
_d1952-
245 1 0 _aԼացածիծաղ ։
_b[Բանաստեղծություններ] /
_cԳր. Մելիք-Սարգսյան ; Առաջաբանի հեղինակ՝ Ա. Սահակյան ; [Խմբագիր՝ Գ. Բալայան ; Սրբագրիչ՝ Ա. Ղազինյան].
260 _aԵրևան :
_bՎՄՎ-Պրինտ,
_c2022.
300 _a75 էջ ։
_bլուսանկար ;
_c20 սմ.
650 1 4 _aՀայ պոեզիա
_94512
650 1 7 _aՀայ երգիծանք
_94521
700 1 _aԲալայան, Գ.
_eխմբագիր
_4edt
700 1 _aՂազինյան, Ա.
_eսրբագրիչ
_4crr
700 1 _aՍահակյան, Արամայիս Ադամի,
_d1936-2013
_eառաջաբանի հեղինակ
_4aui
_92373
942 _2z
_cBK
999 _c536462
_d536462